| 000 | 01072nac a22003017a 4500 | ||
|---|---|---|---|
| 001 | BR7702610 | ||
| 003 | BR-BrBNA | ||
| 005 | 20240105114054.0 | ||
| 008 | 230509b bl.|||m| |||| 00| 0 por d | ||
| 040 |
_aBR-BrBNA _bpor _cBiblioteca Nacional de Agricultura |
||
| 072 | _aM20; F10; T00 | ||
| 090 | _aM20 BR7702610 | ||
| 100 | 1 | _aSilva, P. de C.M. da | |
| 110 | 1 |
_aInstituto de Pesquisas da Marinha, Rio de Janeiro, RJ (Brasil) _96154 |
|
| 245 | 1 | _aAplicacao do conceito de "no" broecker (1974)ao calculo da producao e das trocas de ar com a atmosfera em Cabo Frio [Poluicao do ar; Agua salgada; Rio de Janeiro; Brasil] | |
| 260 | 3 |
_aRio de Janeiro, RJ (Brasil): _cSep 1977. |
|
| 300 | _a15 p. | ||
| 490 |
_aPublicacao do Instituto de Pesquisas da Marinha (Brazil) _vno. 111 _x |
||
| 500 | _aNumerical data; 14 ref. | ||
| 650 | _aOceanografia | ||
| 650 | _aMeteorologia | ||
| 650 | _aClimatologia | ||
| 650 | _aPoluicao | ||
| 650 | _aAgua salgada | ||
| 650 | _aPoluicao do ar | ||
| 909 |
_a202312 _bLúcia Elande _c55 _dLúcia Elande |
||
| 942 |
_2AGRIS _n0 _cMS |
||
| 999 |
_c267229 _d267229 |
||